Представление документа в формате MARC21

Поле Инд. ПП Название Значение
Тип записи a
Библиографический уровень m
001 Контрольный номер RU/IS/BASE/562076254
005 Дата корректировки 20260605111045.4
040 b Код языка каталог. rus
e Правила каталог. PSBO
041 0_ a Код языка текста rus
097 b Оператор *Ольга*
245 10 a Заглавие Тезисы лекций по дисциплине "Теоретические основы товароведения" направления подготовки 38.03.06 Торговое дело. Профиль: Коммерция
b Продолж. заглавия в составе учебно-методического комплекса
c Ответственность Тверской гос. техн. ун-т, Каф. МЕН
c Ответственность разраб. Н.М. Перепелица
260 a Место издания Тверь
b Издательство ТвГТУ
c Дата издания 2016
440 _0 a Серия УМК-Л
500 a Примечание 46/2017
516 8_ a Прим. о типе комп. файла/ данных Текст : электронный
520 0_ a Аннотация Тезисы лекций составлены с учетом современных требований, предъявляемых к работам данной категории, на основе программы дисциплины «Теоретические основы товароведения», разработанной для студентов, обучающихся по направлению 38.03.06 Торговое дело, и утвержденной 16.09.2016.
583 a Действие Приписка : УМК
655 a Жанр/ форма (устаревшее) М
773 18 w Контрольный № источника RU/IS/BASE/562075531
w Контрольный № источника 7139e65dd9664182b91d548154fa751d
900 a Имя макрообъекта 001-000124207-000000000-0000-0000-01
901 t Тип документа m
905 a Дата создания записи 23.10.17
c Дата приписки 05.06.26
922 c Кафедра Менеджмент
951 i EL-ТГТУ? Да
952 g 1
a Тип литературы для КСУ ВШ М